National Anthem of Madagascar (Malagasy) - Ry Tanindrazanay malala ô ! - Statistics

General Stats
  • This quiz has been taken 3 times
  • The average score is 37 of 112
Answer Stats
Lyrics % Correct
malala
100%
ô!
100%
Ry
100%
ry
100%
ho
67%
Madagasikara
67%
Ny
67%
sy
67%
Tanindrazanay
67%
anao
33%
anao,
33%
doria
33%
Fa
33%
He!
33%
ity
33%
Ka
33%
miala,
33%
No
33%
soa.
33%
tokoa.
33%
tokoa
33%
tsy
33%
'Ty
33%
Zanahary
33%
anananay,
0%
fanahy
0%
Fijiavanay
0%
finaritra
0%
fo
0%
fototra
0%
hanompoana
0%
Hiadana
0%
hitahiana
0%
ijoroan'ny
0%
Ilay
0%
Irinay
0%
izahay.
0%
izao
0%
mba
0%
mendrika
0%
Nahary
0%
Nosindrazanay
0%
Sambatra
0%
sarobidy
0%
satanao.
0%
Tahionao
0%
tena
0%
tontolo
0%
'zao
0%
'Zay
0%
No matching quizzes found
Score Distribution
Percent of People with Each Score
Percentile by Number Answered
Your Score History
You have not taken this quiz